Odgadnij polskiego reżysera po trzech filmach - Statystyki

Ogólne statystyki
  • Ten quiz został rozwiązany 39 razy
  • Średni wynik to 12 z 18
Statystyki odpowiedzi
Wskazówka Odpowiedź % Poprawnych
Mąż swojej żony, Brunet wieczorową porą, Miś Stanisław Bareja
97%
Kanał, Popiół i diament, Ziemia obiecana Andrzej Wajda
93%
Vabank, Seksmisja, Kiler Juliusz Machulski
87%
Nic śmiesznego, Dzień świra, Wszyscy jesteśmy Chrystusami Marek Koterski
87%
Prawo i pięść, Potop, Znachor Jerzy Hoffman
80%
Kroll, Psy, Jack Strong Władysław Pasikowski
77%
Matka Joanna od Aniołów, Faraon, Austeria Jerzy Kawalerowicz
70%
Amator, Przypadek, Podwójne życie Weroniki Krzysztof Kieślowski
70%
Rękopis znaleziony w Saragossie, Lalka, Sanatorium pod Klepsydrą Wojciech Jerzy Has
70%
Dom zły, Drogówka, Wołyń Wojciech Smarzowski
70%
Sami swoi, Wielki Szu, Rozmowy kontrolowane Sylwester Chęciński
60%
Dług, Mój Nikifor, Plac Zbawiciela Krzysztof Krauze
57%
Człowiek na torze, Eroica, Zezowate szczęście Andrzej Munk
53%
Nikt nie woła, Ludzie z pociągu, Perła w koronie Kazimierz Kutz
53%
Sublokator, Zaklęte rewiry, C.K. Dezerterzy Janusz Majewski
50%
Wodzirej, Samowolka, Komornik Feliks Falk
47%
Pokój z widokiem na morze, Matka Królów, Piłkarski poker Janusz Zaorski
47%
Żywot Mateusza, Konopielka, Siekierezada Witold Leszczyński
20%
Nie znaleziono quizów pasujących do podanych kryteriów
Rozkład punktacji
Procent ludzi z każdym wynikiem
Percentyl według liczby udzielonych odpowiedzi
Twoja historia wyników
Nie rozwiązałeś tego quizu